000 01252nas a2200445 4500
001 BR0404240
003 BR-BrBNA
005 20231205104756.0
007 ta
008 230509b bl.|||p| |||| 00| 00por d
040 _aBR-BrBNA
_bpor
_cBiblioteca Nacional de Agricultura
041 _a(Pt)
072 _aF30
100 1 _aBenin, G.
100 1 _aCarvalho, F.I.F. de
100 1 _aOliveira, A.C.
100 1 _aSilva, J.A.G. da
100 1 _aLorencetti, C.
100 1 _aMaia, M.B.
100 1 _aMarchioro, V.S.
100 1 _aFreitas, F.
100 1 _aHartwig, I.
245 1 _aUma proposta de seleção para caracteres quantitativos e qualitativos em aveia
650 _aAVEIA
650 _aSELEÇÃO GENÉTICA
650 _aGENÓTIPO
650 _aGRÃO
650 _aFENÓTIPO
650 _aRENDIMENTO
650 _aMELHORAMENTO GENÉTICO VEGETAL
650 _aHEREDITARIEDADE
650 _aSEGREGAÇÃO
650 _aALUMÍNIO
650 _aÁCIDO GIBERÉLICO
650 _aANÁLISE QUANTITATIVA
650 _aANÁLISE QUALITATIVA
773 0 _tCiência Rural (Brazil)
_xISSN 0103-8478
_g(May-Jun 2004), v. 34(3) p. 701-706
_wBR0404240
909 _a202311
_bLúcia
_c55
_dLúcia Elande
942 _2AGRIS
_n0
_cANA
999 _c179650
_d179650